Fundamentos de finanzas públicas /

Bibliographic Details
Main Author: Ortiz Bojacá, Armando, 1949- (Author)
Format: Electronic eBook
Language:Spanish
Published: Bogotá : Fundación Universidad de Bogotá Jorge Tadeo Lozano, Facultad de Contaduría Pública, [2005]
Series:Colección Estudios de contaduría.
Subjects:
Online Access:Digitalia Hispánica

MARC

LEADER 00000nam a2200000Ii 4500
001 DIGEJTLOZ234
003 NyNyDIG
006 m o d
007 cr |||||||||||
008 250404s2005 ck a o 000 0 spa d
035 |a (OCoLC)1513491511 
040 |a DGITA  |b eng  |e rda  |e pn  |c DGITA 
020 |z 9789589029732 
050 1 4 |a HJ995 ebook 
100 1 |a Ortiz Bojacá, Armando,  |d 1949-  |e author. 
245 1 0 |a Fundamentos de finanzas públicas /  |c Armando Ortiz Bojacá. 
264 1 |a Bogotá :  |b Fundación Universidad de Bogotá Jorge Tadeo Lozano, Facultad de Contaduría Pública,  |c [2005] 
300 |a 1 online resource :  |b illustrations. 
336 |a text  |b txt  |2 rdacontent 
337 |a computer  |b c  |2 rdamedia 
338 |a online resource  |b cr  |2 rdacarrier 
347 |a text file  |2 rdaft 
347 |b PDF 
490 1 |a Colección Estudios de contaduría 
588 0 |a Online resource; title from PDF title page (Digitalia, viewed April 4, 2025) 
650 0 |a Finance, Public. 
791 2 |a Digitalia (Firm),  |e distributor. 
793 0 |g Digitalia eBook Collection:  |a Editorial Jorge Tadeo Lozano 
776 0 8 |i Print version:  |a Ortiz Bojacá, Armando, 1949-  |t Fundamentos de finanzas públicas.  |d Bogotá : Fundación Universidad de Bogotá Jorge Tadeo Lozano, Facultad de Contaduría Pública, [2005]  |z 9789589029732 
830 0 |a Colección Estudios de contaduría. 
856 4 0 |3 Digitalia Hispánica  |u https://www.digitaliapublishing.com/a/171434/ 
910 |a Premium collection: 2025